000 01313nam a22003377a 4500
999 _c89371
_d89371
005 20210204105651.0
010 _aBAC-EN21 ENG-111917 B-736826
020 _a9780670083879
_c899.00
020 _a9780143423416
_c599.00
035 _aEN-95449
035 _aB-588045-052
035 _aB-664859
035 _aB-736826
037 _bMunshiram Manohar Lal/Ven
_adpl
037 _bDBAD/PUB
037 _bMMP
037 _bGift/Eng/03-02-2021
082 _a301.153
100 _aGuha, Ramachandra
245 _aGandhi before India /
_cby Ramachandra Guha
260 _aNew Delhi
_bPenguin Books
_c2013
270 _a11 Community Centre, Pancsheel Park
_bNew Delhi
_e110017
300 _ax,673p.,16 pages of unnumbered plates:
_c24cm(Hb)
_bmaps
500 _aIncludes index
600 _aGandhi, Mahatma,
_d1869-1948.
650 _aStatesmen
_zIndia
942 _2ddc
_cEN
_mGUH
_h301.153